[Event "Hazel Park (MCO/5/47)"]
[Site "?"]
[Date "1987.??.??"]
[Round "?"]
[White "Robinson, Erik"]
[Black "Mohammed, A.."]
[Result "1-0"]
[WhiteElo "1605"]
[BlackElo "1605"]
[PlyCount "69"]
[EventDate "1987.??.??"]

{5/(47)} 1. e4 Nc6 2. Bc4 e6 3. Nc3 a6 4. Nf3 Bb4 5. e5 Bxc3 6. bxc3 d5 7. Bb3
b5 8. a4 Rb8 9. Ba3 Nge7 10. O-O Na5 11. d3 O-O 12. Bb4 Nec6 13. Bxf8 Qxf8 14.
Qd2 Qc5 15. Rfb1 Bd7 16. Nd4 Nxe5 17. axb5 Nxb3 18. Rxb3 axb5 19. Qe1 f6 20.
Kh1 Rb6 21. f4 Nf7 22. Ra8+ Qf8 23. Rxf8+ Kxf8 24. Ra3 Rb8 25. Ra7 Rc8 26. Qh4
e5 27. fxe5 fxe5 28. Nf3 h6 29. Qf2 Kg8 30. Qc5 Be8 31. Qxd5 Rd8 32. Qe6 Bd7
33. Qe7 e4 34. Ne5 Nxe5 35. Qxd8+ 1-0

[Event "Hazel Park (MCO/4/44)"]
[Site "?"]
[Date "1987.??.??"]
[Round "?"]
[White "Robinson, Dave"]
[Black "Whitworth, M.."]
[Result "1-0"]
[WhiteElo "1605"]
[BlackElo "1605"]
[PlyCount "57"]
[EventDate "1987.??.??"]

{4/(44)} 1. c4 Nf6 2. g3 e5 3. Bg2 Bc5 4. d3 Ng4 5. e3 d6 6. Nc3 Bb4 7. Qa4+
Nc6 8. Bxc6+ bxc6 9. Qxb4 c5 10. Qa4+ Bd7 11. Qc2 Bc6 12. e4 f5 13. Nf3 O-O 14.
Qe2 fxe4 15. Nxe4 d5 16. cxd5 Qxd5 17. h3 Nxf2 18. Kxf2 Rxf3+ 19. Kxf3 Rf8+ 20.
Kg2 c4 21. Re1 cxd3 22. Qe3 Qd4 23. Qxd4 exd4 24. Kg1 Re8 25. Nf6+ gxf6 26.
Rxe8+ Bxe8 27. Kf2 Bg6 28. Bd2 Kf7 29. Rc1 1-0

[Event "Hazel Park (MCO/2/47)"]
[Site "?"]
[Date "1987.??.??"]
[Round "?"]
[White "Robinson, Dave"]
[Black "Roland, K.."]
[Result "1-0"]
[WhiteElo "1605"]
[BlackElo "1605"]
[PlyCount "73"]
[EventDate "1987.??.??"]

{2/(47)} 1. c4 e5 2. g3 Nf6 3. Bg2 Bc5 4. e3 d6 5. Ne2 Bg4 6. a3 O-O 7. Bxb7
Nc6 8. Bxc6 Rb8 9. b4 Rb6 10. Bg2 Bd4 11. exd4 exd4 12. d3 Re8 13. Ra2 a5 14.
f3 Bd7 15. O-O axb4 16. axb4 Rxb4 17. Bg5 h6 18. Bd2 Rb6 19. Re1 c5 20. Ba5 d5
21. Bxb6 Qxb6 22. cxd5 Nxd5 23. Na3 Qa6 24. Qb3 Qa5 25. Raa1 Ne3 26. Nc4 Qc7
27. Nxe3 Rxe3 28. Rab1 Qc8 29. Qb8 Qxb8 30. Rxb8+ Kh7 31. f4 Rxd3 32. Be4+ g6
33. Bxd3 c4 34. Bxc4 d3 35. Bxd3 Bg4 36. Nc3 f5 37. Re7# 1-0

[Event "Hazel Park (MCO/5/30)"]
[Site "?"]
[Date "1987.??.??"]
[Round "?"]
[White "Robinson, Dave"]
[Black "Johnson, H.."]
[Result "1-0"]
[WhiteElo "1605"]
[BlackElo "1755"]
[PlyCount "95"]
[EventDate "1987.??.??"]

{5/(30)} 1. c4 Nf6 2. g3 g6 3. Bg2 Bg7 4. Nf3 c5 5. Nc3 Nc6 6. O-O O-O 7. d3 d6
8. Bd2 h6 9. Qc1 Kh7 10. Re1 Ng4 11. Ne4 Rb8 12. Bc3 Nge5 13. Nxe5 Bxe5 14.
Bxe5 Nxe5 15. Qc3 b5 16. a3 bxc4 17. dxc4 Qb6 18. Rab1 Bf5 19. b3 Qa6 20. Ra1
Rb6 21. Nxc5 Qc8 22. Nd3 Nc6 23. e4 Bd7 24. Nf4 e6 25. Red1 Qb8 26. b4 Ne5 27.
Nd3 Ba4 28. Rd2 a6 29. Nxe5 dxe5 30. c5 Rc6 31. Bf1 Qc7 32. Bc4 Rd8 33. Rxd8
Qxd8 34. Bb3 Bxb3 35. Qxb3 Qd4 36. Rd1 Qxe4 37. Qd3 Qg4 38. f3 Qg5 39. Qd7 Qe3+
40. Kg2 Qe2+ 41. Kg1 Qxf3 42. Rf1 Qe3+ 43. Rf2 Qe1+ 44. Kg2 Qe4+ 45. Kh3 h5 46.
Rxf7+ Kh6 47. Rh7+ Kg5 48. Qe7+ 1-0

[Event "Hazel Park (MCO/3/41)"]
[Site "?"]
[Date "1987.??.??"]
[Round "?"]
[White "Roberts, Kenneth"]
[Black "Metzelaar, J.."]
[Result "1-0"]
[WhiteElo "1700"]
[BlackElo "1605"]
[PlyCount "118"]
[EventDate "1987.??.??"]

{3/(41)} 1. c4 Nf6 2. d4 g6 3. Nc3 d5 4. Bf4 c6 5. e3 Bg7 6. Bd3 O-O 7. h3 Be6
8. c5 Nbd7 9. b4 a5 10. b5 a4 11. b6 a3 12. Nge2 Re8 13. Bc7 Qc8 14. Qc2 Nf8
15. Rb1 Bf5 16. Rb3 Bxd3 17. Qxd3 Ne6 18. Be5 Ng5 19. Nb1 Nfe4 20. Bxg7 Kxg7
21. f3 Nf6 22. h4 Ne6 23. g4 Qb8 24. f4 Nxg4 25. Rg1 f5 26. h5 Rh8 27. Ng3 Qf8
28. Nd2 Qf6 29. Nf3 Ra4 30. Kd2 Nf2 31. Qxf5 Qxf5 32. Nxf5+ Kf6 33. Ng3 Ne4+
34. Nxe4+ dxe4 35. Ne1 Rg8 36. Kc3 g5 37. fxg5+ Rxg5 38. Rxg5 Kxg5 39. d5 Nd8
40. dxc6 Nxc6 41. Nc2 e5 42. Nb4 Ra8 43. Nxc6 bxc6 44. Kb4 Kxh5 45. Rxa3 Rb8
46. Ra7 Kg6 47. Re7 h5 48. Rxe5 h4 49. Rxe4 Kg5 50. a4 h3 51. Rf4 Re8 52. Ka5
Ra8+ 53. Kb4 Re8 54. Rf7 Rxe3 55. Rh7 Kg4 56. Ka5 Kg3 57. Ka6 h2 58. Ka7 Kg2
59. Rxh2+ Kxh2 1-0

[Event "Hazel Park (MCO/5/37)"]
[Site "?"]
[Date "1987.??.??"]
[Round "?"]
[White "Roberts, Kenneth"]
[Black "Lewis, C.."]
[Result "1-0"]
[WhiteElo "1700"]
[BlackElo "1605"]
[PlyCount "129"]
[EventDate "1987.??.??"]

{5/(37)} 1. c4 Nf6 2. Nc3 g6 3. g3 Bg7 4. Bg2 O-O 5. e4 d6 6. d4 c6 7. Nge2 Re8
8. O-O e5 9. d5 c5 10. f4 Bg4 11. Qc2 Qd7 12. Rf2 Na6 13. a3 Bh3 14. fxe5 dxe5
15. Bg5 Nh5 16. Raf1 f6 17. Be3 b6 18. Kh1 Rf8 19. Ng1 Bxg2+ 20. Kxg2 Qg4 21.
Qe2 Qxe2 22. Ngxe2 g5 23. Nb5 Rf7 24. Nd6 Rd7 25. Nf5 Bf8 26. h4 h6 27. Nc3 Nc7
28. Bc1 a6 29. Nd1 b5 30. Rc2 Rb8 31. Nde3 b4 32. a4 a5 33. b3 Kh7 34. Ng4 Ne8
35. Nfe3 Bg7 36. Rh1 Kg6 37. Kf3 Nd6 38. hxg5 hxg5 39. Rch2 Rh8 40. Nf2 Rdd8
41. Kg4 Nxe4 42. Nxe4 f5+ 43. Nxf5 Nf6+ 44. Nxf6 Bxf6 45. Rxh8 Bxh8 46. Rh6+
Kf7 47. Kf3 Bf6 48. Ke4 g4 49. Be3 Bg7 50. Nd6+ Kf8 51. Re6 Ra8 52. Bxc5 Kg8
53. Re8+ Rxe8 54. Nxe8 Bf8 55. Bxf8 Kxf8 56. Nf6 Ke7 57. Kxe5 Kd8 58. c5 Ke7
59. d6+ Kd8 60. Ke6 Kc8 61. Ke7 Kb8 62. d7 Kb7 63. d8=Q Ka7 64. Nd7 Kb7 65.
Qb6+ 1-0

[Event "Lansing (MI Op/4/35)"]
[Site "?"]
[Date "1987.??.??"]
[Round "?"]
[White "Riseman, J.."]
[Black "Profit, Brian"]
[Result "1/2-1/2"]
[WhiteElo "1925"]
[BlackElo "1815"]
[PlyCount "114"]
[EventDate "1987.??.??"]

{4/(35)} 1. e4 e6 2. d4 d5 3. Nd2 c5 4. exd5 Qxd5 5. Ngf3 cxd4 6. Bc4 Qd6 7.
O-O Nf6 8. Nb3 Nc6 9. Nbxd4 Nxd4 10. Nxd4 a6 11. Bb3 Be7 12. Be3 O-O 13. Qf3 e5
14. Nf5 Bxf5 15. Qxf5 Rad8 16. c3 Nd5 17. Bg5 Bxg5 18. Qxg5 Nf6 19. Rad1 Qc7
20. Rfe1 Rxd1 21. Rxd1 h6 22. Qd2 Re8 23. Kf1 Re7 24. Qd8+ Qxd8 25. Rxd8+ Kh7
26. Bc2+ g6 27. Ke2 Rd7 28. Rxd7 Nxd7 29. Kd3 f5 30. Kc4 e4 31. Kd5 Nf6+ 32.
Kc5 Ng4 33. f3 exf3 34. gxf3 Nxh2 35. f4 h5 36. Bb3 g5 37. fxg5 f4 38. Bd5 f3
39. Bxb7 f2 40. Bxa6 h4 41. Kd4 f1=Q 42. Bxf1 Nxf1 43. Ke4 Kg6 44. Kf4 h3 45.
Kf3 Kxg5 46. Kf2 h2 47. Kg2 Kf5 48. b4 Ke5 49. a4 Kd5 50. a5 Nd2 51. Kxh2 Kc6
52. Kh3 Ne4 53. c4 Nd2 54. b5+ Kc5 55. b6 Kc6 56. c5 Nc4 57. a6 Nxb6 1/2-1/2

[Event "Lansing (MI Op/6/24)"]
[Site "?"]
[Date "1987.??.??"]
[Round "?"]
[White "Riseman, J.."]
[Black "Moore, Robert"]
[Result "1/2-1/2"]
[WhiteElo "1925"]
[BlackElo "1805"]
[PlyCount "114"]
[EventDate "1987.??.??"]

{6/(24)} 1. e4 c5 2. Nf3 d6 3. d4 cxd4 4. Nxd4 Nf6 5. Nc3 a6 6. Be2 b5 7. a4 e5
8. Nb3 bxa4 9. Rxa4 Be7 10. Bg5 O-O 11. Bxf6 Bxf6 12. O-O Nc6 13. Qd5 Qc7 14.
Rd1 Be7 15. Nb5 Qb6 16. Nxd6 Be6 17. Qc5 Qxc5 18. Nxc5 Nd4 19. Bxa6 Bxd6 20.
Nxe6 fxe6 21. c3 Ne2+ 22. Kf1 Bc5 23. Kxe2 Rxf2+ 24. Ke1 Rxb2 25. Rd2 Rb6 26.
Rda2 Rf8 27. Bd3 Rb3 28. Rc4 Be3 29. Re2 Bb6 30. Kd2 Rb2+ 31. Kc1 Rxe2 32. Bxe2
Rf2 33. Bf3 Kf7 34. Kb1 Ke7 35. Kc1 Kf6 36. Kb1 g6 37. Rc6 Be3 38. c4 h5 39.
Rc8 Rf1+ 40. Ka2 Rc1 41. Kb3 Rb1+ 42. Ka4 Ra1+ 43. Kb5 Rb1+ 44. Kc6 Rb2 45. Kd7
Rd2+ 46. Ke8 Rc2 47. Rc6 Rd2 48. Rc8 Rc2 49. Rc7 Rc3 50. h4 g5 51. hxg5+ Kxg5
52. Ke7 h4 53. Kxe6 Bd4 54. Rc8 h3 55. Rg8+ Kf4 56. Rg4+ Ke3 57. Rg6 Kf4
1/2-1/2

[Event "Lansing (MI Op/2/20)"]
[Site "?"]
[Date "1987.??.??"]
[Round "?"]
[White "Riseman, J.."]
[Black "Knecht, Mark"]
[Result "1/2-1/2"]
[WhiteElo "1925"]
[BlackElo "2135"]
[PlyCount "158"]
[EventDate "1987.??.??"]

{2/(20)} 1. d4 f5 2. g3 Nf6 3. c4 g6 4. Bg2 d6 5. Nc3 Bg7 6. Bg5 O-O 7. Nh3 e5
8. dxe5 dxe5 9. Qxd8 Rxd8 10. Nd5 Nxd5 11. Bxd8 Nb4 12. O-O e4 13. Bxc7 N8a6
14. Bf4 Be6 15. a3 Nc6 16. Rfd1 Bxb2 17. Rab1 Bxa3 18. Rxb7 Na5 19. Rb5 Nxc4
20. Ng5 Re8 21. Rb7 Bc8 22. Rxh7 Be7 23. Rh6 Kg7 24. Nxe4 fxe4 25. Bxe4 g5 26.
Rg6+ Kf7 27. Rc1 Ba3 28. Rxc4 Rxe4 29. Rxa6 Rxc4 30. Rxa7+ Kg6 31. Rxa3 gxf4
32. Kg2 Rc2 33. Kf3 Bb7+ 34. e4 fxg3 35. hxg3 Bxe4+ 36. Kxe4 Rxf2 37. Ra5 Rf8
38. Ke3 Kh6 39. Ke2 Rf7 40. Ke3 Rf1 41. Ke4 Kg6 42. Ke3 Kh6 43. Ra4 Kg5 44. Ra8
Rf6 45. Rg8+ Rg6 46. Rf8 Kg4 47. Kf2 Rg7 48. Rf4+ Kg5 49. Kf3 Ra7 50. Rg4+ Kf5
51. Rf4+ Kg5 52. Rf8 Ra3+ 53. Kg2 Kg4 54. Rg8+ Kh5 55. Kh3 Rb3 56. Rc8 Rb5 57.
Rh8+ Kg5 58. Rg8+ Kh6 59. Kh4 Rb6 60. Re8 Kg7 61. Re5 Ra6 62. Kg5 Rg6+ 63. Kf4
Ra6 64. g4 Rb6 65. Re2 Rc6 66. Rg2 Kg6 67. Rd2 Rb6 68. Rd8 Kg7 69. Kf5 Rf6+ 70.
Ke5 Ra6 71. g5 Rb6 72. Kf5 Ra6 73. Rd7+ Kg8 74. Kg4 Rb6 75. Kh5 Ra6 76. g6 Ra1
77. Rd5 Kg7 78. Rd7+ Kg8 79. Kg5 Rg1+ 1/2-1/2

[Event "Hazel Park (MCO/3/19)"]
[Site "?"]
[Date "1987.??.??"]
[Round "?"]
[White "Riggins, D.."]
[Black "Calton, David W"]
[Result "1-0"]
[WhiteElo "2055"]
[BlackElo "1665"]
[PlyCount "33"]
[EventDate "1987.??.??"]

{3/(19)} 1. b3 e5 2. Bb2 f6 3. e3 d5 4. c4 Ne7 5. d4 Nbc6 6. Nf3 e4 7. Nfd2 f5
8. Nc3 Be6 9. Rc1 g5 10. cxd5 Bxd5 11. Nxd5 Nxd5 12. Qh5+ Kd7 13. Bb5 Bb4 14.
Qf7+ Kc8 15. Rxc6 bxc6 16. Bxc6 Rb8 17. Qxf5+ 1-0

[Event "Hazel Park (MCO/1/16)"]
[Site "?"]
[Date "1987.??.??"]
[Round "?"]
[White "Riggins, D.."]
[Black "Calton, Bill"]
[Result "1-0"]
[WhiteElo "2075"]
[BlackElo "1610"]
[PlyCount "55"]
[EventDate "1987.??.??"]

{1/(16)} 1. b3 e5 2. Bb2 Nc6 3. e3 d5 4. Bb5 Bd6 5. Nf3 Bd7 6. Bxc6 Bxc6 7.
Nxe5 Bxe5 8. Bxe5 Qg5 9. Bg3 O-O-O 10. d4 Nf6 11. Nd2 Nh5 12. Nf3 Qf5 13. Ne5
Nxg3 14. hxg3 Be8 15. Qd2 f6 16. Nd3 Bf7 17. a4 Rhe8 18. O-O-O h6 19. Kb2 Rd6
20. Ra1 b6 21. a5 Kb7 22. Qb4 Rc6 23. axb6 cxb6 24. Nc5+ Ka8 25. Rxa7+ Kxa7 26.
Qa4+ Kb8 27. Qxc6 bxc5 28. Ra1 1-0

[Event "Hazel Park (MCO/5/8)"]
[Site "?"]
[Date "1987.??.??"]
[Round "?"]
[White "Riggins, D.."]
[Black "Almquist, W.."]
[Result "1-0"]
[WhiteElo "2085"]
[BlackElo "1895"]
[PlyCount "63"]
[EventDate "1987.??.??"]

{5/(8)} 1. b3 e5 2. Bb2 Nc6 3. e3 d6 4. d4 exd4 5. exd4 d5 6. Nf3 Nf6 7. Bb5
Bd7 8. O-O Be7 9. Re1 O-O 10. Nbd2 Re8 11. Bxc6 Bxc6 12. Ne5 Bd7 13. c4 c6 14.
Nf1 Qc7 15. Ng3 Rad8 16. Rc1 dxc4 17. bxc4 Be6 18. Qa4 Qb8 19. Qc2 Nd7 20. f4
Nxe5 21. fxe5 f6 22. d5 cxd5 23. exf6 Bd6 24. Qc3 Bc5+ 25. Kh1 d4 26. Qd2 Qc7
27. Qg5 Bxc4 28. Nf5 Bf8 29. Rxe8 Rxe8 30. Bxd4 g6 31. h4 Re2 32. Ne7+ 1-0

[Event "Hazel Park (MCO/1/15)"]
[Site "?"]
[Date "1987.??.??"]
[Round "?"]
[White "Ridella, Dennis"]
[Black "Mellen, Steve"]
[Result "0-1"]
[WhiteElo "1605"]
[BlackElo "2055"]
[PlyCount "62"]
[EventDate "1987.??.??"]

{1/(15)} 1. e4 Nf6 2. e5 Nd5 3. Bc4 Nb6 4. Bb3 Nc6 5. d4 d6 6. exd6 cxd6 7. Nf3
Bf5 8. Be3 g6 9. Ng5 d5 10. Nd2 Bg7 11. c3 O-O 12. h3 Na5 13. Bc2 Bxc2 14. Qxc2
Nbc4 15. Bf4 b5 16. b3 Nd6 17. O-O Nc6 18. Rac1 Rc8 19. Qd1 b4 20. Qg4 bxc3 21.
Rxc3 Nxd4 22. Rxc8 Nxc8 23. Qh4 h6 24. Ngf3 Ne2+ 25. Kh1 Nxf4 26. Qxf4 Qd6 27.
Qg4 e5 28. Rd1 Qc5 29. Qd7 e4 30. Nh2 h5 31. f4 Qc2 0-1

[Event "Hazel Park (MCO/5/19)"]
[Site "?"]
[Date "1987.??.??"]
[Round "?"]
[White "Ridella, Dennis"]
[Black "Garwood, B.."]
[Result "0-1"]
[WhiteElo "1605"]
[BlackElo "1995"]
[PlyCount "114"]
[EventDate "1987.??.??"]

{5/(19)} 1. e4 c6 2. d4 d5 3. Nd2 dxe4 4. Nxe4 Bf5 5. Ng3 Bg6 6. Nf3 e6 7. Be2
Nf6 8. O-O h6 9. c4 Bd6 10. Bd3 Bxd3 11. Qxd3 O-O 12. Ne4 Nxe4 13. Qxe4 Qc7 14.
Qg4 Kh8 15. Qh3 Kh7 16. Ng5+ Kg8 17. Ne4 Bf4 18. Nf6+ gxf6 19. Qg4+ Bg5 20. f4
f5 21. Qg3 Kh7 22. fxg5 Qxg3 23. hxg3 hxg5 24. Bxg5 Kg6 25. Bf4 Nd7 26. Kf2 Nf6
27. Rad1 Ng4+ 28. Kf3 Nh2+ 29. Kf2 Nxf1 30. Rxf1 Rad8 31. Rd1 f6 32. Ke2 Rf7
33. Be3 b6 34. a4 e5 35. d5 cxd5 36. cxd5 Rfd7 37. a5 b5 38. d6 Rxd6 39. Rxd6
Rxd6 40. Bxa7 Kh5 41. b4 Kg4 42. Bf2 e4 43. Bc5 Rd3 44. a6 Ra3 45. a7 Kxg3 46.
Bd4 f4 47. Bc5 Kxg2 48. Bd4 Ra2+ 49. Ke1 e3 50. Bc5 Kf3 51. Bd4 Ke4 52. a8=Q+
Rxa8 53. Bxf6 f3 54. Bc3 Kd3 55. Be5 Rf8 56. Kf1 Rc8 57. Bb2 f2 0-1

[Event "Hazel Park (MCO/3/26)"]
[Site "?"]
[Date "1987.??.??"]
[Round "?"]
[White "Ridella, Dennis"]
[Black "Bolda, Dan G"]
[Result "1-0"]
[WhiteElo "1605"]
[BlackElo "1840"]
[PlyCount "119"]
[EventDate "1987.??.??"]

{3/(26)} 1. e4 e6 2. d4 d5 3. Nd2 Nf6 4. e5 Nfd7 5. Bd3 c5 6. c3 Nc6 7. Ngf3
Qb6 8. dxc5 Bxc5 9. O-O Ncxe5 10. Bc2 h6 11. Qe2 Nxf3+ 12. Nxf3 Nf6 13. Bf4 Bd7
14. b4 Bd6 15. Be3 Qc7 16. Bd4 Kf8 17. h3 a6 18. Rfe1 Bb5 19. Qe3 Bxb4 20. cxb4
Qxc2 21. Rec1 Qe4 22. Qc3 Qf4 23. Be5 Qf5 24. Bd6+ Kg8 25. Nd4 Qd3 26. Nxb5
Qxc3 27. Nxc3 Kh7 28. Ne2 Ne4 29. Be5 f6 30. Bb2 e5 31. Rc7 b5 32. Rac1 d4 33.
f3 Nd2 34. R1c6 Nc4 35. Ba1 Rhd8 36. Rxf6 d3 37. Rff7 Rg8 38. Nc3 d2 39. Nd1
Rad8 40. f4 Rc8 41. Bxe5 Nxe5 42. fxe5 Rxc7 43. Rxc7 Rf8 44. Rd7 Rf5 45. Rd5
Kg8 46. g4 Rf4 47. Rxd2 Re4 48. Rd5 Rxb4 49. Rd6 Re4 50. e6 Kf8 51. Kf2 Ra4 52.
Nc3 Ra3 53. Nd5 Ke8 54. Nc7+ Kf8 55. Rxa6 Rxh3 56. Nxb5 Ke7 57. Nc7 Rd3 58. Ra7
g6 59. Nd5+ Ke8 60. Ra8# 1-0

[Event "Hazel Park (MCO/6/32)"]
[Site "?"]
[Date "1987.??.??"]
[Round "?"]
[White "Revenaugh, J.."]
[Black "Towsley, J.."]
[Result "0-1"]
[WhiteElo "1605"]
[BlackElo "1750"]
[PlyCount "54"]
[EventDate "1987.??.??"]

{6/(32)} 1. e4 c6 2. d4 d5 3. Nc3 dxe4 4. Nxe4 Nf6 5. Nxf6+ gxf6 6. Bc4 Bf5 7.
Nf3 e6 8. Bf4 Nd7 9. O-O Nb6 10. Bd3 Nd5 11. Bg3 Bxd3 12. Qxd3 Bd6 13. Bxd6
Qxd6 14. g3 O-O-O 15. a3 Rdg8 16. b4 h5 17. Kh1 f5 18. c4 Nf6 19. Ne5 Rg7 20.
Rae1 h4 21. Re3 hxg3 22. Rxg3 Rgh7 23. h3 Ng4 24. Kg2 Nxe5 25. dxe5 Qxe5 26.
Rh1 f4 27. Rg8+ Rxg8+ 0-1

[Event "Hazel Park (MCO/1/51)"]
[Site "?"]
[Date "1987.??.??"]
[Round "?"]
[White "Revenaugh, J.."]
[Black "Rosekrans, R.."]
[Result "0-1"]
[WhiteElo "1605"]
[BlackElo "1655"]
[PlyCount "52"]
[EventDate "1987.??.??"]

{1/(51)} 1. e4 c5 2. Nf3 d6 3. d4 cxd4 4. Nxd4 Nf6 5. Nc3 g6 6. h3 Nc6 7. Bb5
Bd7 8. Be3 a6 9. Be2 Bg7 10. Qd2 Qc7 11. a3 b5 12. b4 Rc8 13. Rc1 Nxd4 14. Bxd4
e5 15. Be3 Qxc3 16. O-O Nxe4 17. Qd3 Qxd3 18. Bxd3 Nc3 19. Rfe1 Be6 20. Bd2 d5
21. Bxc3 Rxc3 22. Re3 Bh6 23. Bxb5+ axb5 24. Rxc3 Bxc1 25. Rc5 Bxa3 26. Rxb5
O-O 0-1

[Event "Hazel Park (MCO/3/29)"]
[Site "?"]
[Date "1987.??.??"]
[Round "?"]
[White "Revenaugh, J.."]
[Black "Proszkow, T.."]
[Result "0-1"]
[WhiteElo "1605"]
[BlackElo "1795"]
[PlyCount "74"]
[EventDate "1987.??.??"]

{3/(29)} 1. e4 c5 2. Nf3 Nc6 3. d4 cxd4 4. Nxd4 d6 5. Nc3 Nf6 6. Be2 g6 7. O-O
Bg7 8. Nxc6 bxc6 9. Bf3 Nd7 10. Re1 Ne5 11. h3 O-O 12. Bf4 Nxf3+ 13. Qxf3 Rb8
14. Nd1 h6 15. Qa3 a6 16. Re3 Kh7 17. e5 c5 18. Qd3 d5 19. c3 Rb6 20. Rc1 Bf5
21. Qe2 Qd7 22. g4 Be6 23. b3 Rd8 24. c4 d4 25. Rd3 Qc8 26. Qf3 Bd7 27. g5 h5
28. h4 f6 29. Bd2 fxe5 30. Ba5 Rf8 31. Qg3 Re6 32. Rf3 Rxf3 33. Qxf3 e4 34. Qf4
Be5 35. Qd2 Qf8 36. Bc3 Rd6 37. Ba1 Bf4 0-1

[Event "Lansing (MI Op/7/25)"]
[Site "?"]
[Date "1987.??.??"]
[Round "?"]
[White "Raftshol, W.."]
[Black "Riseman, J.."]
[Result "1-0"]
[WhiteElo "1795"]
[BlackElo "1925"]
[PlyCount "119"]
[EventDate "1987.??.??"]

{7/(25)} 1. e4 e6 2. d4 d5 3. Nc3 Bb4 4. e5 c5 5. Bd2 Ne7 6. Nb5 Bxd2+ 7. Qxd2
O-O 8. Nf3 cxd4 9. Bd3 f6 10. O-O fxe5 11. Nxe5 Nbc6 12. Qe2 Nxe5 13. Qxe5 Rf6
14. Nxd4 Qb6 15. b3 Bd7 16. Rae1 Raf8 17. Re3 Ng6 18. Bxg6 Rxg6 19. a4 Rg4 20.
f4 g5 21. h3 Rh4 22. Qxg5+ Kh8 23. Qxh4 Qxd4 24. Qf2 Rg8 25. Re2 Qg7 26. Rd2 e5
27. fxe5 Bxh3 28. Rxd5 Qg5 29. Qf6+ Qxf6 30. Rxf6 Bxg2 31. Rc5 Bf3+ 32. Kh2 Rg4
33. Kh3 Kg7 34. Rd6 h5 35. b4 Kf8 36. b5 Be4 37. Rf6+ Ke7 38. Rc7+ Kd8 39. Rff7
Bg6 40. Rh7 Bxh7 41. Rxh7 Rg8 42. Rxh5 Kc7 43. Rh4 a6 44. Rg4 Re8 45. Rg5 Kb6
46. bxa6 Kxa6 47. Kg4 Ka5 48. e6+ Kxa4 49. Re5 b5 50. Kf5 Kb4 51. e7 Kc3 52.
Rc5+ Kd4 53. Rc7 Kd5 54. Kf6 Kd6 55. Ra7 Rh8 56. Kg7 Re8 57. Kf7 Rh8 58. e8=Q
Rh7+ 59. Kg6 Rxa7 60. Qxb5 1-0

[Event "Lansing (MI Op/1a/12)"]
[Site "?"]
[Date "1987.??.??"]
[Round "?"]
[White "Raftshol, W.."]
[Black "Mason, D.."]
[Result "0-1"]
[WhiteElo "1795"]
[BlackElo "2065"]
[PlyCount "33"]
[EventDate "1987.??.??"]

1. e4 c6 2. d4 d5 3. exd5 cxd5 4. c4 Nf6 5. Nc3 e6 6. c5 b6 7. b4 Be7 8. Bb5+
Bd7 9. Bf4 O-O 10. Nf3 bxc5 11. Bxd7 cxd4 12. Qxd4 Nfxd7 13. O-O Nc6 14. Qd2
Bxb4 15. a3 Be7 16. Rfe1 Nc5 17. Nb5 0-1

[Event "Lansing (MI Op/3/23)"]
[Site "?"]
[Date "1987.??.??"]
[Round "?"]
[White "Raftshol, W.."]
[Black "LaForge, Tom"]
[Result "1-0"]
[WhiteElo "1795"]
[BlackElo "1935"]
[PlyCount "99"]
[EventDate "1987.??.??"]

{3/(23)} 1. e4 e6 2. d4 c5 3. Nf3 cxd4 4. Nxd4 a6 5. c4 Qc7 6. Nc3 Nf6 7. Bd3
b6 8. O-O Bb7 9. Nb3 d6 10. Be3 Nbd7 11. f4 Be7 12. Rc1 Nc5 13. Nxc5 bxc5 14.
Qe2 Rd8 15. Bb1 h5 16. h3 Bc6 17. f5 e5 18. Bd3 Bb7 19. Nd5 Nxd5 20. cxd5 Ra8
21. b4 f6 22. bxc5 dxc5 23. Rc2 Qa5 24. Rfc1 Rc8 25. Rb2 Rc7 26. Rcb1 Bc8 27.
Rb8 Kf7 28. R8b6 g5 29. d6 Bxd6 30. Rxd6 g4 31. hxg4 c4 32. Bxc4+ Ke7 33. Rbd1
Qb4 34. Bxa6 Qxe4 35. Bxc8 Rhxc8 36. Re6+ Kf7 37. Rxf6+ Kg8 38. Qf3 Qxf3 39.
gxf3 Rc2 40. Rd2 Rc1+ 41. Kg2 hxg4 42. fxg4 R1c4 43. Kf3 Rc3 44. Rfd6 Kf7 45.
g5 e4+ 46. Kf4 Rc1 47. Rd7+ Ke8 48. g6 Rf1+ 49. Kxe4 Rc4+ 50. R2d4 1-0

[Event "Lansing (MI Op/5/15)"]
[Site "?"]
[Date "1987.??.??"]
[Round "?"]
[White "Raftshol, W.."]
[Black "Bohley, D.."]
[Result "0-1"]
[WhiteElo "1795"]
[BlackElo "2090"]
[PlyCount "48"]
[EventDate "1987.??.??"]

{5/(15)} 1. e4 e5 2. Nf3 Nc6 3. Bb5 Nd4 4. Nxd4 exd4 5. c3 Qg5 6. Be2 d3 7. Bf3
Nf6 8. Qa4 Bc5 9. Qc4 O-O 10. Qxd3 Re8 11. O-O Qg6 12. Qc4 d6 13. e5 Bf5 14. d4
Bd3 15. Qa4 Bxf1 16. Kxf1 Bb6 17. Bxb7 Rab8 18. Bc6 Re7 19. f4 dxe5 20. dxe5
Qd3+ 21. Ke1 Ng4 22. Bd2 Bf2+ 23. Kd1 Ne3+ 24. Kc1 Qf1+ 0-1

[Event "Lincolnwood Midwest Masters"]
[Site "?"]
[Date "1987.??.??"]
[Round "2"]
[White "Quigley, L.."]
[Black "Karklins, A.."]
[Result "1/2-1/2"]
[WhiteElo "2225"]
[BlackElo "2310"]
[PlyCount "81"]
[EventDate "1987.??.??"]

1. d4 Nf6 2. c4 e6 3. Nc3 Bb4 4. e3 O-O 5. Nge2 b6 6. a3 Bxc3+ 7. Nxc3 d5 8.
Be2 Bb7 9. O-O dxc4 10. Bxc4 Qd6 11. Qe2 c5 12. dxc5 Qxc5 13. e4 Rc8 14. Bd3
Nbd7 15. Be3 Qc7 16. f3 Ne5 17. Rfd1 Nfd7 18. Bd4 Nc6 19. Be3 Na5 20. Qf2 Ne5
21. Bf1 Nec4 22. Bxc4 Nxc4 23. Rac1 Nxe3 24. Qxe3 Rd8 25. Rxd8+ Rxd8 26. Rd1
Rxd1+ 27. Nxd1 Qd6 28. Nc3 Ba6 29. e5 Qd7 30. h3 Qd3 31. Qxd3 Bxd3 32. Kf2 f6
33. exf6 gxf6 34. h4 Kf7 35. Ke3 Bf1 36. g3 Ke7 37. f4 Ba6 38. Kd4 h5 39. Ne4
Bb7 40. Nf2 Bc8 41. Ne4 1/2-1/2

[Event "Hazel Park (MCO/6/16)"]
[Site "?"]
[Date "1987.??.??"]
[Round "?"]
[White "Purdy, B.."]
[Black "Robinson, Dave"]
[Result "1-0"]
[WhiteElo "1930"]
[BlackElo "1605"]
[PlyCount "55"]
[EventDate "1987.??.??"]

{6/(16)} 1. d4 Nf6 2. Nf3 e6 3. Bg5 d5 4. Nbd2 Be7 5. e3 O-O 6. Bd3 b6 7. c3
Bb7 8. Qc2 Nbd7 9. O-O h6 10. Bh4 c5 11. Ne5 c4 12. Be2 b5 13. f4 Nxe5 14. dxe5
Nh7 15. Bxe7 Qxe7 16. Bh5 Qh4 17. Qd1 f5 18. Bg6 Bc6 19. Nf3 Qe7 20. Nd4 Be8
21. Qh5 Rb8 22. Rf2 Bxg6 23. Qxg6 Rfe8 24. Nc6 Qf7 25. Qxf7+ Kxf7 26. Nxb8 Rxb8
27. b4 Nf8 28. a4 1-0

[Event "Hazel Park (MCO/4/3)"]
[Site "?"]
[Date "1987.??.??"]
[Round "?"]
[White "Purdy, B.."]
[Black "Cunningham, R.."]
[Result "0-1"]
[WhiteElo "1930"]
[BlackElo "2190"]
[PlyCount "80"]
[EventDate "1987.??.??"]

{4/(3)} 1. d4 d5 2. c4 e6 3. Nc3 c5 4. cxd5 exd5 5. Nf3 Nc6 6. g3 Nf6 7. Bg2
Be7 8. O-O O-O 9. e3 Bg4 10. dxc5 Bxc5 11. Qd2 Qd7 12. b3 Rad8 13. Bb2 Rfe8 14.
Ne2 Ne4 15. Qc1 Bb6 16. Ned4 Rc8 17. Qe1 Ba5 18. Qe2 Nd2 19. Rfc1 Ne4 20. Qd3
Bxf3 21. Nxf3 Qf5 22. Qe2 Bb6 23. Nd2 Nxf2 24. Nf1 Nd3 25. Rd1 Nxb2 26. Qxb2
Nb4 27. Qd2 Rc2 28. Qe1 Nd3 29. Rxd3 Qxd3 30. Rd1 Bxe3+ 31. Nxe3 Rxe3 32. Qf1
Qxf1+ 33. Rxf1 Rxg2+ 34. Kxg2 Re2+ 35. Kh3 Rxa2 36. Rd1 Ra5 37. Kg4 Kf8 38. Rc1
Rb5 39. Rc3 Ke7 40. Kf5 d4+ 0-1

[Event "Hazel Park (MCO/4/13)"]
[Site "?"]
[Date "1987.??.??"]
[Round "?"]
[White "Proszkow, T.."]
[Black "Riggins, D.."]
[Result "0-1"]
[WhiteElo "1795"]
[BlackElo "2055"]
[PlyCount "74"]
[EventDate "1987.??.??"]

{4/(13)} 1. c4 e5 2. Nc3 Nf6 3. g3 d5 4. e3 d4 5. exd4 exd4 6. Nce2 d3 7. Bg2
dxe2 8. Nxe2 Be7 9. d4 Bb4+ 10. Nc3 O-O 11. O-O h6 12. a3 Bxc3 13. bxc3 Nc6 14.
Bf4 Bf5 15. Re1 Qd7 16. d5 Na5 17. c5 Rad8 18. c4 Rfe8 19. Rxe8+ Rxe8 20. Rc1
Ne4 21. Be3 b6 22. c6 Qc8 23. Qa4 h5 24. c5 h4 25. g4 Bg6 26. h3 Qd8 27. d6 Re6
28. cxb6 axb6 29. Bxb6 Qxd6 30. Bxa5 Nxf2 31. Qb3 Nd3 32. Rd1 Qc5+ 33. Kh2 Qxa5
34. Rxd3 Qe5+ 35. Kg1 Bxd3 36. Qxd3 Qe3+ 37. Qxe3 Rxe3 0-1

[Event "Hazel Park (MCO/2/11)"]
[Site "?"]
[Date "1987.??.??"]
[Round "?"]
[White "Proszkow, T.."]
[Black "Mazuchowski, Tom"]
[Result "0-1"]
[WhiteElo "1795"]
[BlackElo "2120"]
[PlyCount "72"]
[EventDate "1987.??.??"]

{2/(11)} 1. c4 Nf6 2. Nc3 g6 3. g3 Bg7 4. Bg2 O-O 5. Nf3 d6 6. d4 Nc6 7. O-O
Bg4 8. e3 Qc8 9. Bd2 e5 10. d5 Na5 11. Qa4 b6 12. e4 Nb7 13. b4 a5 14. b5 Nc5
15. Qc2 Bh3 16. Rfe1 Bxg2 17. Kxg2 Nh5 18. Ng5 h6 19. Nh3 g5 20. Be3 Nf4+ 21.
Nxf4 exf4 22. Bxc5 bxc5 23. Rad1 f3+ 24. Kxf3 Qh3 25. Rh1 f5 26. Ke2 Rae8 27.
Kd2 Qg2 28. Kc1 fxe4 29. Rhg1 Qxf2 30. Ne2 Qe3+ 31. Kb1 Rf2 32. Rge1 Ref8 33.
Qd2 Qxd2 34. Rxd2 Rxh2 35. Kc2 Rff2 36. Kd1 Bc3 0-1